<?xml version="1.0" encoding="UTF-8"?>
<record
    xmlns:xsi="http://www.w3.org/2001/XMLSchema-instance"
    xsi:schemaLocation="http://www.loc.gov/MARC21/slim http://www.loc.gov/standards/marcxml/schema/MARC21slim.xsd"
    xmlns="http://www.loc.gov/MARC21/slim">

  <leader>01372nam a22002897a 4500</leader>
  <datafield tag="999" ind1=" " ind2=" ">
    <subfield code="c">112016</subfield>
    <subfield code="d">112016</subfield>
  </datafield>
  <controlfield tag="003">dpl</controlfield>
  <controlfield tag="005">20190222113108.0</controlfield>
  <controlfield tag="008">190222b           ||||| |||| 00| 0 eng d</controlfield>
  <datafield tag="010" ind1=" " ind2="B">
    <subfield code="a">B-067495</subfield>
  </datafield>
  <datafield tag="020" ind1=" " ind2=" ">
    <subfield code="c">200.00</subfield>
    <subfield code="a">8186480889</subfield>
  </datafield>
  <datafield tag="035" ind1=" " ind2=" ">
    <subfield code="a">B-067495, B-067499</subfield>
  </datafield>
  <datafield tag="037" ind1=" " ind2=" ">
    <subfield code="b">Cen Lib/Ret</subfield>
  </datafield>
  <datafield tag="040" ind1=" " ind2=" ">
    <subfield code="a">DPL</subfield>
    <subfield code="b">HN</subfield>
    <subfield code="c">0</subfield>
  </datafield>
  <datafield tag="082" ind1=" " ind2=" ">
    <subfield code="a">820.8</subfield>
    <subfield code="b">&#x930;&#x93E;&#x927;&#x93E;&#x92E; </subfield>
  </datafield>
  <datafield tag="100" ind1=" " ind2=" ">
    <subfield code="a">&#x930;&#x93E;&#x927;&#x93E;&#x92E;&#x923;&#x93F;, &#x92A;&#x940;.&#x915;&#x947; </subfield>
    <subfield code="9">45491</subfield>
  </datafield>
  <datafield tag="245" ind1=" " ind2=" ">
    <subfield code="a">&#x92D;&#x915;&#x94D;&#x924;&#x93F; &#x906;&#x928;&#x94D;&#x926;&#x94B;&#x932;&#x928; &#x914;&#x930; &#x938;&#x93E;&#x92E;&#x93E;&#x91C;&#x93F;&#x915; &#x91C;&#x93E;&#x917;&#x930;&#x923; :</subfield>
    <subfield code="c">&#x92A;&#x940;.&#x915;&#x947;. &#x930;&#x93E;&#x927;&#x93E;&#x92E;&#x923;&#x93F; </subfield>
    <subfield code="b">&#x92E;&#x926;&#x94D;&#x92F;&#x915;&#x93E;&#x932;&#x940;&#x928; &#x939;&#x93F;&#x902;&#x926;&#x940; &#x92D;&#x915;&#x94D;&#x924;&#x93F; par &#x906;&#x927;&#x93E;&#x930;&#x93F;&#x924; &#x905;&#x927;&#x94D;&#x927;&#x92F;&#x928; /</subfield>
  </datafield>
  <datafield tag="246" ind1=" " ind2=" ">
    <subfield code="a">Bhakti andolan or samajik jagran : madykaleen hindi bhakti sahitya par adharit adhdhyan /</subfield>
    <subfield code="b">by P.K. Radhamani </subfield>
  </datafield>
  <datafield tag="260" ind1=" " ind2=" ">
    <subfield code="a">&#x928;&#x92F;&#x940; &#x926;&#x93F;&#x932;&#x94D;&#x932;&#x940; </subfield>
    <subfield code="b">&#x938;&#x93E;&#x930;&#x94D;&#x925;&#x915; &#x92A;&#x94D;&#x930;&#x915;&#x93E;&#x936;&#x928; </subfield>
    <subfield code="c">2002</subfield>
  </datafield>
  <datafield tag="270" ind1=" " ind2=" ">
    <subfield code="b">&#x928;&#x92F;&#x940; &#x926;&#x93F;&#x932;&#x94D;&#x932;&#x940; </subfield>
    <subfield code="a">100&#x90F;, &#x917;&#x94B;&#x924;&#x92E; &#x928;&#x917;&#x930; </subfield>
    <subfield code="e">110049</subfield>
  </datafield>
  <datafield tag="300" ind1=" " ind2=" ">
    <subfield code="a">183&#x92A;&#x943;.</subfield>
    <subfield code="c">19&#x938;&#x947;&#x92E;&#x940;(&#x938;&#x91C;&#x93F;&#x932;&#x94D;&#x926; ) </subfield>
  </datafield>
  <datafield tag="500" ind1=" " ind2=" ">
    <subfield code="a">&#x917;&#x94D;&#x930;&#x928;&#x94D;&#x925; &#x938;&#x942;&#x91A;&#x940; &#x936;&#x93E;&#x92E;&#x93F;&#x932; </subfield>
  </datafield>
  <datafield tag="650" ind1=" " ind2=" ">
    <subfield code="a">&#x939;&#x93F;&#x902;&#x926;&#x940; &#x938;&#x93E;&#x939;&#x93F;&#x924;&#x94D;&#x92F; </subfield>
    <subfield code="x"> </subfield>
    <subfield code="z"> </subfield>
    <subfield code="9">45492</subfield>
  </datafield>
  <datafield tag="650" ind1=" " ind2=" ">
    <subfield code="v"> </subfield>
    <subfield code="a">&#x92D;&#x915;&#x94D;&#x924;&#x93F; &#x906;&#x928;&#x94D;&#x926;&#x94B;&#x932;&#x928; </subfield>
    <subfield code="9">45493</subfield>
  </datafield>
  <datafield tag="650" ind1=" " ind2=" ">
    <subfield code="a">Hindi litarature </subfield>
    <subfield code="9">45494</subfield>
  </datafield>
  <datafield tag="650" ind1=" " ind2=" ">
    <subfield code="a">Bhakti movement</subfield>
    <subfield code="9">45495</subfield>
  </datafield>
  <datafield tag="942" ind1=" " ind2=" ">
    <subfield code="2">ddc</subfield>
    <subfield code="c">HN</subfield>
    <subfield code="h">820.8</subfield>
    <subfield code="m">&#x930;&#x93E;&#x927;&#x93E;&#x92E; </subfield>
  </datafield>
  <datafield tag="952" ind1=" " ind2=" ">
    <subfield code="0">4</subfield>
    <subfield code="1">0</subfield>
    <subfield code="4">0</subfield>
    <subfield code="7">0</subfield>
    <subfield code="a">L</subfield>
    <subfield code="b">L</subfield>
    <subfield code="d">2015-08-06</subfield>
    <subfield code="e">Cen Lib/Ret</subfield>
    <subfield code="g">200.00</subfield>
    <subfield code="l">3</subfield>
    <subfield code="m">1</subfield>
    <subfield code="o">820.8 &#x930;&#x93E;&#x927;&#x93E;&#x92E;</subfield>
    <subfield code="p">B-067495</subfield>
    <subfield code="r">2020-12-28 00:00:00</subfield>
    <subfield code="s">2020-01-14</subfield>
    <subfield code="t">1</subfield>
    <subfield code="v">200.00</subfield>
    <subfield code="w">2015-08-06</subfield>
    <subfield code="y">HN</subfield>
    <subfield code="z">Written off on approval by DLB (By Circulation); dtd 15-06-2023</subfield>
  </datafield>
  <datafield tag="952" ind1=" " ind2=" ">
    <subfield code="0">0</subfield>
    <subfield code="1">0</subfield>
    <subfield code="2">ddc</subfield>
    <subfield code="4">0</subfield>
    <subfield code="7">0</subfield>
    <subfield code="8">NFIC</subfield>
    <subfield code="a">BL4</subfield>
    <subfield code="b">BL4</subfield>
    <subfield code="d">2019-02-22</subfield>
    <subfield code="e">BPPD/PUB</subfield>
    <subfield code="g">200.00</subfield>
    <subfield code="l">0</subfield>
    <subfield code="o">820.8 &#x930;&#x93E;&#x927;&#x93E;&#x92E;</subfield>
    <subfield code="p">B-067499</subfield>
    <subfield code="r">2019-02-22 00:00:00</subfield>
    <subfield code="v">200.00</subfield>
    <subfield code="w">2019-02-22</subfield>
    <subfield code="y">HN</subfield>
  </datafield>
</record>
